कल्पतरू की उत्सव - लीला (Record no. 1019224)

MARC details
000 -LEADER
fixed length control field 01120nam a2200265Ia 4500
003 - CONTROL NUMBER IDENTIFIER
control field OSt
005 - DATE AND TIME OF LATEST TRANSACTION
control field 20221005110550.0
008 - FIXED-LENGTH DATA ELEMENTS--GENERAL INFORMATION
fixed length control field 221004b |||||||| |||| 00| 0 hin d
020 ## - INTERNATIONAL STANDARD BOOK NUMBER
International Standard Book Number 8126310170 (hbk)
037 ## - SOURCE OF ACQUISITION
Terms of availability Textual
040 ## - CATALOGING SOURCE
Original cataloging agency CRL
Transcribing agency CRL
Language of cataloging hin
041 ## - LANGUAGE CODE
Source of code hin
Language code of text/sound track or separate title hin
100 ## - MAIN ENTRY--PERSONAL NAME
Personal name मिश्र, कृष्णबिहारी, ले.
245 #0 - TITLE STATEMENT
Title कल्पतरू की उत्सव - लीला
Remainder of title रामकृष्ण परमहंस
246 ## - VARYING FORM OF TITLE
Title proper/short title Kalpatarū kī utsav - līlā: rāmakṛuṣhṇa paramahansa
260 ## - PUBLICATION, DISTRIBUTION, ETC.
Place of publication, distribution, etc. नई दिल्ली
Name of publisher, distributor, etc. भारतीय ज्ञानपीठ भारत
Date of publication, distribution, etc. 2017
300 ## - PHYSICAL DESCRIPTION
Extent 597पृ0
Dimensions cm.
650 ## - SUBJECT ADDED ENTRY--TOPICAL TERM
Topical term or geographic name entry element आध्यात्मिक अनुभव और रहस्यवाद
942 ## - ADDED ENTRY ELEMENTS (KOHA)
Classification part Delta2y7M36, 152Q7
Koha item type Textual
Source of classification or shelving scheme
Holdings
Withdrawn status Lost status Damaged status Not for loan Home library Current library Date acquired Source of acquisition Total Checkouts Full call number Barcode Date last seen Price effective from Koha item type
        Central Library Central Library 2022-10-05 BW/1695, 15/03/2018, Bookwell   Delta2y7M36 152Q7 CL1658067 2022-10-05 2022-10-05 Textual
Copyright @ Delhi University Library System